000 00175nam a22000857a 4500
999 _c16268
_d16268
003 OSt
008 200629b ||||| |||| 00| 0 eng d
245 _aS.P Heat Engine
942 _cBK